000 00415nam a2200169 4500
020 _a9789357329293
082 _aM3
_bHAR/P
100 _aHarikrishnan Thachadan
245 _aPoyloth Derby/
_cby Harikrishnan Thachadan
250 _a4th ed.
260 _aKottayam:
_bDC books,
_c2025.
300 _a109p.
650 _aNovel Malayalam
650 _aLiterature Malayalam
650 _aLiterature
942 _cBK
999 _c181772
_d181772